000 00770nam a2200229Ii 4500
003 JO-AjNU
008 230605s9999||||xx |||||||||||||| ||und||
017 _a2013/1/91
020 _a978-9957-92 042-5
040 _aJO-AjNU
_bara
_erda
_cJO-AjNU
041 _aara
050 1 4 _aLC4704.K437 2017
100 3 _aخصاونة، محمد احمد,
_eauthor
_960648
245 0 0 _aصعوبات التعلم النمائية = Developmental Learning Disabilities
250 _aط3
264 3 1 _aعمان: دار الفكر ناشرون وموزعون، 2017
300 _a222ص
336 _atext
_btxt
_2rdacontent
337 _aunmediated
_bn
_2rdamedia
338 _avolume
_bnc
_2rdacarrier
650 4 _aالتربية الخاصة- صعوبات التعلم
_960649
999 _aA27360
_c30928
_d30928